000 00555nam a2200181 a 4500
001 000025629
005 20200930023929.0
008 110218s1986 xxud r 000 0 spa d
020 _a0311461107
040 _aDO-SdBNP
_bspa
_cBNPHU
082 _axxxxx
_bH145l
100 1 _aHaggai, John
_952332
245 1 0 _aLiderazgo que perdura :
_ben un mundo que cambia /
_cJohn Haggai ; traducción Rhode Flores.
260 _aTennessi :
_bMundo Hispano,
_c1986.
300 _a223 p. :
_bdiagrs. ;
_c21.5 cm.
700 1 _aFlores, Rhode,
_etr.
_948307
049 _aBNGR
999 _c25121
_d25121